MARC

Tag First Indicator Second Indicator Subfields
LEADER 00000cam a2200000 a 4500
001 in00001034521
005 20150928153916.0
008 900207s1991 nyub b 101 0 eng
010 |a  90032364  
020 |a 0312047428 
035 |a (OCoLC)21152634 
035 |9 AFH6624AM 
040 |a DLC  |c DLC  |d TXA  |d UtOrBLW 
043 |a cc----- 
049 |a TXAM 
050 0 0 |a F2183  |b .C65 1991 
082 0 0 |a 972.905/2  |2 20 
245 0 0 |a Conflict, peace and development in the Caribbean /  |c edited by Jorge Rodríguez Beruff, J. Peter Figueroa, and J. Edward Greene. 
264 1 |a New York :  |b St. Martin's Press,  |c 1991. 
300 |a xxii, 294 pages :  |b illustrations ;  |c 23 cm. 
336 |a text  |b txt  |2 rdacontent 
337 |a unmediated  |b n  |2 rdamedia 
338 |a volume  |b nc  |2 rdacarrier 
500 |a Contains a selection of edited papers presented at the "Peace and Development in the Caribbean" Conference, held in May 1988 at the University of the West Indies Mona Campus; jointly organized and sponsored by the International Peace Research Association, the Institute of Social and Economic Research of the University of the West Indies, and the Jamaica Peace Committee. 
504 |a Includes bibliographical references and index. 
651 0 |a Caribbean Area  |x Foreign relations  |y 1945-  |x Congresses. 
651 0 |a Caribbean Area  |x Politics and government  |y 1945-  |x Congresses. 
650 0 |a Militarism  |z Caribbean Area  |x Congresses. 
650 0 |a Peace  |x Economic aspects  |z Caribbean Area  |x Congresses. 
651 0 |a Caribbean Area  |x Economic policy  |x Congresses. 
650 0 |a Security, International  |v Congresses. 
700 1 |a Rodríguez Beruff, Jorge. 
700 1 |a Figueroa, J. Peter,  |d 1948- 
700 1 |a Greene, John Edward. 
711 2 |a "Peace and Development in the Caribbean" Conference  |d (1988 :  |c University of the West Indies Mona Campus) 
710 2 |a International Peace Research Association. 
710 2 |a University of the West Indies (Mona, Jamaica).  |b Institute of Social and Economic Research. 
710 2 |a Jamaica Peace Committee. 
999 |a MARS 
999 f f |s f8b1bdff-1b0d-3b52-b20a-24741932f324  |i ae5b2505-fdd1-3ab4-92b7-459dfc13d256  |t 0 
952 f f |p ric  |a Texas A&M University  |b Rellis Campus  |c Joint Library Facility  |d Remote Storage  |t 0  |e F2183 .C65 1991  |h Library of Congress classification  |i unmediated -- volume  |m A14815438998 
998 f f |a F2183 .C65 1991  |t 0  |l Remote Storage